[Event "DRUZYNOWE MISTRZOSTWA POLSKI JUNIOROW - II LIGA"]
[Site "Szczyrk, CKiR Orle Gniazdo ul. Wrzosowa 28a"]
[Date "2014-07-28"]
[Round "5.131"]
[White "Golecka, Jadwiga"]
[Black "Wyrzykowska, Aleksandra"]
[Result "1-0"]
[WhiteTitle "II"]
[BlackTitle "II"]
[WhiteElo "1067"]
[BlackElo "1080"]

1. e4 c5 2. Nf3 Nc6 3. d4 cxd4 4. Nxd4 e5 5. Nb5 d6 6. Bc4 a6 7. N5c3 Be6 8. Bb3
Be7 9. Be3 Nf6 10. Nd2 Bxb3 11. Nxb3 Qd7 12. Bg5 O-O 13. O-O Rfd8 14. Qd2 h6 15.
Be3 d5 16. exd5 Nxd5 17. Rad1 Nf6 18. Qe2 Qc7 19. Na4 Nd5 20. Rd2 Nxe3 21. Qxe3
Bg5 22. Rxd8+ Rxd8 23. Qe2 Rd6 24. Rd1 Qd8 25. Nc3 b5 26. a3 f5 27. Nc5 Rxd1+
28. Qxd1 a5 29. Qf3 Nd4 30. Qd3 b4 31. axb4 axb4 32. N3a4 Be7 33. g3 Bxc5 34.
Nxc5 Kh7 35. Nb3 g6 36. f4 Nf3+ 37. Qxf3 Qb6+ 38. Kh1 e4 39. Qe2 h5 40. h3 Qf6
41. g4 hxg4 42. hxg4 Qh4+ 43. Qh2 Qxh2+ 44. Kxh2 Kg7 45. Kg3 Kf6 46. Nd4 Ke7 47.
Nc6+ Kd6 48. Nxb4 Kc5 49. c3 Kc4 50. g5 Kb3 51. Nd5 Kc4 52. Ne3+ Kd3 53. Kf2 Kd2
54. c4 1-0

[Event "DRUZYNOWE MISTRZOSTWA POLSKI JUNIOROW - II LIGA"]
[Site "Szczyrk, CKiR Orle Gniazdo ul. Wrzosowa 28a"]
[Date "2014-07-28"]
[Round "5.133"]
[White "Kruszynski, Krzysztof"]
[Black "Madalinski, Jan"]
[Result "1-0"]
[WhiteTitle "II"]
[BlackTitle "II"]
[WhiteElo "1675"]
[BlackElo "1474"]

1. e4 c5 2. Nf3 Nc6 3. d4 cxd4 4. Nxd4 Nf6 5. Nc3 d6 6. Bg5 e5 7. Ndb5 a6 8. Bxf6
gxf6 9. Na3 b5 10. Nd5 Be6 11. Bd3 Bg7 12. O-O Bxd5 13. exd5 Ne7 14. Qg4 Ng6 15.
c4 b4 16. Nc2 Rb8 17. Ne3 Bf8 18. b3 f5 19. Nxf5 Qf6 20. a3 Ne7 21. axb4 Nxf5
22. Bxf5 Rxb4 23. Rxa6 Rb8 24. c5 h5 25. Qa4+ Rb5 26. Qxb5+ Kd8 27. Qd7# 1-0